Classement OM Ligue 1 depuis 2010 - Statistiques

Statistiques générales
  • Ce quiz a été pris 396 fois
  • Le résultat moyen est 14 sur 14
Statistiques - réponses
Saison Réponse % Correct
2021/2022 2
100%
2022/2023 3
100%
2020/2021 5
100%
2019/2020 2
99%
2018/2019 5
98%
2017/2018 4
97%
2016/2017 5
97%
2015/2016 13
96%
2009/2010 1
95%
2014/2015 4
95%
2013/2014 6
95%
2011/2012 10
94%
2012/2013 2
94%
2010/2011 2
94%
Aucun quiz correspondant
Distribution des résultats
% des personnes avec chaque résultat
Percentile par nombre de réponses
Votre historique - résultats
Vous n’avez pas pris ce quiz